000 00210nam a2200085Ia 4500
008 120527s9999 xx 000 0 und d
100 _aHase & Easton
245 _aApplied data structures using pascal
942 _cBK
999 _c27813
_d27813